| 000 | nam a22 7a 4500 | ||
|---|---|---|---|
| 999 |
_c16914 _d16914 |
||
| 008 | 161118b xxu||||| |||| 00| 0 eng d | ||
| 020 | _a9781285074436 | ||
| 050 | _aHF 5636 .W37 2014 | ||
| 100 | _aWarren, Carl S. | ||
| 245 |
_aSolution manual chapter 1-17 1ccounting 25e or financial accounting 13e/ _cCarl S. Warren ,James M. Reeve and Jonathan E, Duchac. |
||
| 260 |
_aAustralia : _bSouth-Western , _c2014. |
||
| 300 |
_aiii, 697p. : _bill. ; _c28cm. |
||
| 500 | _aInclude index. | ||
| 650 | _aFinancial accounting. | ||
| 650 | _aAccounting. | ||
| 700 | _aReeve, James M. | ||
| 700 | _aduchac, Jonathan E. | ||
| 942 |
_2lcc _cBOOKS |
||